00362nam a2200109Ia 4500008004100000100001600041245003800057260006900095300001100164650000900175856006800184160712s9999 xx 000 0 und d aGo, Lolito. cLolito GoaLoser at Iba Pang Tula c2011bLikhaan: The Journal of Contemporary Philippine Literature avol. 5 xTULA uhttp://journals.upd.edu.ph/index.php/lik/issue/view/295/showToc